000 00400nam a22001457a 4500
008 230515b |||||||| |||| 00| 0 eng d
040 _aNational Science Library
_cNational Science Library
080 _a551.457:58
_bK0
100 _aChapman, V J
_98911
245 _aSalt marshes and salt deserts of the world
300 _axvi, 391p.
650 _aDesert
653 _aSalt
942 _2udc
_cBK
999 _c29869
_d29869